| 000 | 00898nam a22001457a 4500 | ||
|---|---|---|---|
| 003 | NUST | ||
| 005 | 20230102125229.0 | ||
| 008 | 230102b ||||| |||| 00| 0 eng d | ||
| 082 | _a355.330954,DAL | ||
| 100 |
_aDalvi, Col Vinay B _9106607 |
||
| 245 |
_aQuality Military Leadership a key to 'Victory India' / _cCol Vinay B Dalvi (Retd) |
||
| 260 |
_aIndia _bPantagon Press _c2006 |
||
| 505 | _aPart I: Review of NDA- Redefining and refining the Academy (Page-3), Part II: Military Leadership Definitions, Selection and Training norms (Page-103), Part III: Review in Military affairs (RMA) and leadership models Military, other armies and corporate (Page-139), Part IV: Sports/ Fitness medicine and mind control (Page-175), Part V: Approach paper Military officers selection training with responses (Page-189), Part VI: Highlights and relevant facts (Page-203). | ||
| 942 |
_2ddc _cBK _k355.330954,DAL |
||
| 999 |
_c592889 _d592889 |
||